| 000 | 00642nam a2200241Ia 4500 | ||
|---|---|---|---|
| 003 | OSt | ||
| 005 | 20221005022544.0 | ||
| 006 | a|||||r|||| 00| 0 | ||
| 007 | ta | ||
| 008 | 221004b |||||||| |||| 00| 0 eng d | ||
| 024 | _a44437 | ||
| 037 | _cTextual | ||
| 040 |
_aCRL _cCRL _beng |
||
| 041 |
_2eng _aeng |
||
| 082 | _aO111,2:gC, K4 | ||
| 100 |
_aAhuja R L _991484 |
||
| 245 | 0 | _aTheory of drama in ancient India | |
| 260 |
_aAmbala _bCantt The Indian publication India _c1964 |
||
| 300 |
_a56p. _ccm. |
||
| 650 | _aENGLISH LITERATURE | ||
| 942 |
_hO111,2:gC, K4 _cTEXL _2cc |
||
| 999 |
_c929612 _d929612 |
||